Quiz su Capo Verde - Statistics

Statistiche generali
  • Questo quiz è stato fatto 407 volte
  • Il punteggio medio è 9 su 15
Statistiche sulle risposte
Hint Risposta % Corretto
Lingua ufficiale Portoghese
91%
Paese africano continentale più vicino Senegal
88%
Capitale Praia
83%
Fino al 1800, Capo Verde era un punto di rifornimento in questo crudele commercio Tratta degli schiavi
81%
Capo Verde è uno dei quattro arcipelaghi "macaronesici" nell'Oceano Atlantico. Nomina uno degli altri. Canarie | Azzorre | Madeira
78%
Unico Paese africano meno popolato di Capo Verde, con le Seychelles Sao Tomé e Principe
73%
Maggiore isola per estensione e popolazione (ha lo stesso nome di una capitale sudamericana) Santiago
72%
Popolazione di Capo Verde nel 1400 0
69%
Naturalista inglese che visitò l'arcipelago nel 1832 Charles Darwin
69%
Lingua più parlata Creolo capoverdiano
48%
Corsaro inglese che ha attaccato le isole nel 1585 Francis Drake
45%
Moneta di Capo Verde Escudo
41%
Isola dove si trovano le maggiori strutture turistiche (3 lettere) Sal
28%
Cantante soprannominata "Regina del morna", il cui nome evoca una città nel sud del Portogallo Cesária {Évora}
27%
Valuta che dovrebbe sostituire quella esistente sia a Capo Verde che in altri 14 paesi dell'Africa occidentale ECO
22%
Nessun quiz corrispondente trovato
Distribuzione punteggi
Percentuale di utenti per punteggio
Percentile per numero di risposta
I tuoi punteggi nel tempo
Non hai fatto questo quiz